Представление документа в формате RUSMARC

ПолеНазваниеЗначение
  Тип записи a
  Библиографический уровень m
001 Контрольный номер RU/УОНБ/EK_INO/454515788
005 Дата корректировки 20241101133216.5
010 Индекс ISBN __
a ISBN 978-3-7630-2587-9
d Цена 100 p.
b Уточнения в пер.
100 Данные общей обработки __
a Данные общей обработки 20140527d2011 u y0gery018901 ba
101 Язык документа 0_
a Язык текста ger
102 Страна публикации __
a Страна публикации DE
105 Кодированные данные (монография) __
a Кодированные данные (монография) a z 000yd
200 Заглавие и сведения об ответственности 1_
a Заглавие Ich mache es auf meine Art
e Сведения, относящиеся к заглавию bedeutende Kunstlerinnen
f Первые сведения об ответственности U. Halbe-Bauer, B. Neumeister-Taroni
210 Выходные данные 1_
a Место издания Stuttgart
c Издательство Belser
d Дата издания 2011
215 Физическое описание __
a Объем 160 S.
c Иллюстрации/тип воспроизводства Ill.
d Формат 22 см
300 Общие примечания __
a Общие примечания Кн. получена из Немецкого культурного центра им. Гёте в Москве
606 Тематические рубрики 0_
a Основная рубрика Живопись
x Основная подрубрика Женщины в живописи
610 Ключевые слова 0_
a Ключевые слова женщины-художники
686 Индексы других классификаций __
a Классификационный индекс 85.14 Нем
2 Код системы rubbk
700 Автор _1
a Фамилия Halbe-Bauer
b Имя (инициалы) U.
g Полное личное имя Ulrike
701 Альтернативная интеллектуальная ответственность _1
a Фамилия Neumeister-Taroni
b Имя (инициалы) B.
801 Источник записи _0
a Страна RU
b Организация Ульяновская ОНБ
c Дата составления 20140527
g Правила каталогизации RCR
801 Источник записи _1
a Страна RU
b Организация Ульяновская ОНБ
c Дата составления 20140527
g Правила каталогизации RCR
901 Тип документа __
t Тип документа m
909 Создатель записи __
a Создатель записи Дырина
938 Служебная информация __
a Имя БД ino
b Имя библиотеки УОНБ
c Имя АИБС МАРК-SQL
d Номер DOC_ID в БД 14626